SECURITE SOCIALE ET CONFLITS DE CLASSES /

-д хадгалсан:
Номзүйн дэлгэрэнгүй
Формат: Ном
Цуврал:RELATIONS SOCIALES
Нөхцлүүд:
Шошгууд: Шошго нэмэх
Шошго байхгүй, Энэхүү баримтыг шошголох эхний хүн болох!

MARC

LEADER 00000nam^a2200000^a^4500
001 000236654
005 20250521000000.0
009 20260310104904.584
035 |a 053435 
037 |a Acervo Xavier Clavigero 
082 |a 335. 411  |b SEC 
245 1 0 |a SECURITE SOCIALE ET CONFLITS DE CLASSES /  |c C.E.R.S 
264 |a PARIS :  |b CERS :  |b OUVRIERES,  |c 1962 
300 |a 166 p. 
336 |a texto  |b txt  |2 rdacontenido 
337 |a sin mediación  |b n  |2 rdamedio 
338 |a volumen  |b nc  |2 rdasoporte 
440 |a RELATIONS SOCIALES 
649 |a XX 
650 |a Conflicto Social 
650 |a Clases Sociales 
910 |a Fondo General 
920 |a Impresos - Libros 
930 |a Colección General 
905 |a 101 
901 |a 053435  |b IT1  |c ACC  |i 053435  |u 20250521 
902 |a https://opac.biblio.iteso.mx/vufind/Record/000236654